Travesías por la tierra del olvido (Registro nro. 299935)
[ vista simple ]
| 000 -ENCABEZADO | |
|---|---|
| Número de control [NR] | 01335cam a2200337Ki 4500 |
| 005 - FECHA Y HORA DE LA ÚLTIMA TRANSACCIÓN | |
| control field | 20240423133313.0 |
| 008 - DE LONGITUD FIJA DE DATOS DE ELEMENTOS - INFORMACIÓN GENERAL | |
| Elementos de longitud fija [NR] | 150723s2014 be abo frb 000 0 spa d |
| 020 ## - NUMERO INTERNACIONAL NORMALIZADO PARA LIBROS [R] | |
| Número Internacional Normalizado del libro [NR] | 9789587167269 |
| 035 ## - NUMERO DE CONTROL DEL SISTEMA [R] | |
| Número de control del sistema [NR] | (OCoLC)899248222 |
| 040 ## - FUENTE DE CATALOGACION [NR] | |
| Agencia de catalogación original [NR] | CO-BoUCM |
| Idioma de catalogación [NR] | spa |
| Quien Cataloga | Sandra Palacio |
| Quien Clasifica | Sandra Palacio |
| 041 0# - CODIGO DE IDIOMA [R] | |
| Código de idioma para texto/pista de sonido o título separado [R] | Español |
| 100 1# - ASIENTO PRINCIPAL--NOMBRE PERSONAL [NR] | |
| Nombre personal [NR] | Sevilla, Manuel |
| Fechas asociadas con el nombre [NR] | 1974- |
| ID Autoridad | 70298 |
| 245 10 - MENCION DE TITULO [NR] | |
| Título [NR] | Travesías por la tierra del olvido |
| Parte restante del título [NR] | modernidad y colombianidad en la música de Carlos Vives y la provincia |
| Mención de responsabilidad, etc. [NR] | Manuel Sevilla...[y otros] |
| 250 ## - MENCION DE EDICION [NR] | |
| Mención de edición [NR] | 1a ed |
| 260 ## - PUBLICACION, DISTRIBUCION, ETC. (PIE DE IMPRENTA) [R] | |
| Lugar de publicación, distribución, etc. [R] | Bogotá (Colombia) |
| Nombre del editor, distribuidor, etc. [R] | Pontificia Universidad Javeriana |
| Fecha de publicación, distribución, etc. [R] | 2014 |
| 300 ## - DESCRIPCION FISICA [R] | |
| Extensión [R] | 436 páginas |
| Otros detalles físicos [NR] | ilustraciones, mapas, fotografías |
| 490 1# - MENCION DE SERIE [R] | |
| Mención de serie [R] | Culturas musicales en Colombia |
| 504 ## - NOTA DE BIBLIOGRAFIA, ETC. [R] | |
| Nota de bibliografía, etc. [NR] | Incluye referencias bibliográficas |
| 600 14 - ASIENTO SECUNDARIO DE MATERIA - NOMBRE PERSONAL [R] | |
| Nombre personal [NR] | Vives, Carlos |
| Subdivisión general [R] | Obra musical |
| 9 (RLIN) | 70299 |
| 610 1# - ASIENTO SECUNDARIO DE MATERIA - NOMBRE CORPORATIVO [R] | |
| Nombre corporativo o nombre de la jurisdicción como elemento de entrada [NR] | La Provincia |
| Subdivisión general [R] | Agrupación musical |
| 9 (RLIN) | 70300 |
| 650 #7 - ASIENTO SECUNDARIO DE MATERIA - TERMINO TEMATICO [R] | |
| Término temático o nombre geográfico como elemento de entrada [NR] | Folclor |
| 9 (RLIN) | 7632 |
| Subdivisión geográfica [R] | Colombia |
| 650 #7 - ASIENTO SECUNDARIO DE MATERIA - TERMINO TEMATICO [R] | |
| Término temático o nombre geográfico como elemento de entrada [NR] | Música folclórica |
| 9 (RLIN) | 19998 |
| Subdivisión geográfica [R] | Colombia |
| 650 #7 - ASIENTO SECUNDARIO DE MATERIA - TERMINO TEMATICO [R] | |
| Término temático o nombre geográfico como elemento de entrada [NR] | Composición musical |
| 9 (RLIN) | 11297 |
| 650 #7 - ASIENTO SECUNDARIO DE MATERIA - TERMINO TEMATICO [R] | |
| Término temático o nombre geográfico como elemento de entrada [NR] | Interpretación musical |
| 9 (RLIN) | 17904 |
| 690 ## - ASUNTO AGREGADO LOCAL DE ENTRADA - TÉRMINO TEMÁTICO (OCLC, RLIN) | |
| Acceso temático local | Crítica e interpretación |
| 9 (RLIN) | 7470 |
| 700 1# - ASIENTO SECUNDARIO - NOMBRE PERSONAL [R] | |
| Nombre personal [NR] | Ochoa, Juan Sebastián |
| 9 (RLIN) | 70301 |
| 700 1# - ASIENTO SECUNDARIO - NOMBRE PERSONAL [R] | |
| Nombre personal [NR] | Santamaría-Delgado, Carolina |
| 9 (RLIN) | 70302 |
| 700 1# - ASIENTO SECUNDARIO - NOMBRE PERSONAL [R] | |
| Nombre personal [NR] | Cataño Arango, Carlos Eduardo |
| 9 (RLIN) | 70303 |
| 942 ## - ELEMENTOS DE ENTRADA AGREGADOS (KOHA) | |
| Sistema de clasificación | DEWEY |
| Tema principal | Arte |
| Tipo de ítem principal el descrito en 300a | Libro |
| Edición | 1 |
| Clasificación | 780 |
| Parte restante de la signatura top. | S511 |
| Fecha de último préstamo | Total préstamos | Signatura topográfica | Código de barras | Última vez visto | Ejemplar | Costo de reposición | Price effective from | Tipo de ítem | Perdido | Sistema de clasificación | Dañado | No prestable | Tipo de ítem específico | Suprimido | Ubicación habitual | Ubicación actual | Localización | Fecha de creación | Proveedor | Forma de adquisición | Costo |
|---|---|---|---|---|---|---|---|---|---|---|---|---|---|---|---|---|---|---|---|---|---|
| 20/05/2019 | 1 | 780 S511 | 100146717 | 06/12/2025 | Ej.2 | 38250.00 | 30/06/2015 | Libro | DEWEY | Libro | Claustro | Claustro | 2do piso | 30/06/2015 | 10 | Compra | 38250.00 | ||||
| 780 S511 | 100146716 | 06/12/2025 | Ej.1 | 38250.00 | 30/06/2015 | Libro de reserva | DEWEY | Libro de reserva | Claustro | Claustro | 2do piso | 30/06/2015 | 10 | Compra | 38250.00 |